Original Power Rangers Match-Up Quiz Stats

 Plays Quiz not verified by Sporcle

Score 0/6 Timer 01:30
1 Play Today
% Correct
Kimberly Ann Hart
95.9%
Billy Cranston
95.6%
Jason Lee Scott
95.4%
Trini Kwan
93.8%
Tommy Oliver
93.5%
Zack Taylor
90.7%

You're not logged in!

Compare scores with friends on all Sporcle quizzes.
OR
Log In

Sporcle TV

Today on Sporcle TV


Watch our educational content, quiz creation guides, and fun videos on Sporcle TV.

Show Comments

Extras

Top Quizzes Today


Score Distribution

Your Account Isn't Verified!

In order to create a playlist on Sporcle, you need to verify the email address you used during registration. Go to your Sporcle Settings to finish the process.

Report this User

Report this user for behavior that violates our Community Guidelines.

Details: